| 000 | 00000nam 2200000za 4500 |
| 001 | 9.811462 |
| 003 | CaOODSP |
| 005 | 20221107141109 |
| 007 | cr ||||||||||| |
| 008 | 160218s1992 onc |o f|0| 0 eng d |
| 020 | |z0-660-14747-5 |
| 040 | |aCaOODSP|beng |
| 041 | |aeng|bfre |
| 043 | |an-cn--- |
| 086 | 1 |aFs41-31/117E-PDF |
| 245 | 00|aOtolith microstructure examination and analysis |h[electronic resource] / |cedited by David K. Stevenson, Steven E. Campana. |
| 260 | |aOttawa : |bDepartment of Fisheries and Oceans, |c1992. |
| 300 | |avii, 126 p. : |bgraphs, figures, tables, photos. |
| 490 | 1 |aCanadian Special Publication of Fisheries and Aquatic Sciences, |x0706-6481 ; |v117 |
| 504 | |aIncludes bibliographic references. |
| 692 | 07|2gccst|aFish |
| 700 | 1 |aStevenson, David K., |eed. |
| 700 | 1 |aCampana, Steven E., |eed. |
| 710 | 1 |aCanada. |bDepartment of Fisheries and Oceans. |
| 776 | 0#|tOtolith microstructure examination and analysis / |w(CaOODSP)9.608612 |
| 830 | #0|aCanadian special publication of fisheries and aquatic sciences ;|v117|w(CaOODSP)9.806457 |
| 856 | 40|qPDF|s37.41 MB|uhttps://publications.gc.ca/collections/collection_2016/mpo-dfo/Fs41-31-117-eng.pdf |